The theory of graphs : and its applications /

Guardado en:
Autor Principal: Berge, Claude.
Formato: Libro
Idioma:English
French
Publicado: London : New York : Methuen ; John Wiley & Sons, 1962.
Etiquetas: Agregar Etiqueta
Sin Etiquetas, Sea el primero en etiquetar este registro!
LEADER 00772nam a22001935a 4500
001 MAT.inmabb001124
008 031120s1962####enk###########000#0#eng#d
005 20130304141725.0
245 1 4 |a The theory of graphs :  |b and its applications /  |c by Claude Berge ; translated by Alison Doig. 
260 |a London :  |b Methuen ;  |a New York :  |b John Wiley & Sons,  |c 1962. 
300 |a x, 247 p. ;  |c 23 cm. 
500 |a Traducción de: Théorie des graphes et ses applications. Paris : Dunod, 1958. 
500 |a "This is the second book on graph theory ever written."--Math.Rev. 
510 4 |a MR,  |c 24 #A2381 
100 1 |a Berge, Claude. 
240 1 0 |a Théorie des graphes et ses applications.  |l Inglés 
084 |a 05Cxx  |2 msc2000 
041 1 |a eng  |h fre 
859 |h 05  |i B495-2  |p A-1096  |b BIB. MATEMATICA